000 00646nam a2200205 a 4500
001 BRCA_8849
005 20190320210432.0
008 120517s8849----fr-#######---#000-0#fra-#
041 _afra
044 _afr
084 _aBE232
_b.J37 1806
100 1 _aJacques Delille
_922041
245 1 0 _aL´imagination
_bpoëme
_cpar Jacques Delille; tome deuxiëme.
260 _aA Paris
_bChez Giguet t Michoud, imp. - libraires
_c1806
300 _a279 p. (t.2)
_c14.5 x 9.5 cm.
500 _aEstado físico: presenta una encuadernación que no corresponde al libro
650 1 4 _aLiteratura francesa
_zFrancia
_922042
902 _aCFM
942 _2lcc
_cB
999 _c8500
_d8500